| 000 | 00528nam a2200169Ia 4500 | ||
|---|---|---|---|
| 008 | 090711s9999 xx 000 0 und d | ||
| 082 | _b1486 | ||
| 100 | _aपालकर शिवराम भी. | ||
| 245 | _aलहरी | ||
| 260 |
_bन्यू भारत प्रिंटिंग प्रेस _c1937 |
||
| 300 | _a138 | ||
| 600 | _aपालकर शिवराम भी. | ||
| 630 | _aलहरी | ||
| 700 | _aपालकर शिवराम भी. | ||
| 730 | _aलहरी | ||
| 942 | _cBOOK | ||
| 999 |
_c306563 _d306563 |
||